000 00397nam a22001457a 4500
005 20200613154423.0
008 200613b xxu||||| |||| 00| 0 eng d
082 _a345.4 AIR
110 _aALL INDIA REPORTER
_96102
245 _aALL INDIA REPORTER,[1985] [VOL-72] ALLAHABAD SECTION
260 _aMUMBAI
_bALL INDIA REPORTER, PVT. LTD.
300 _a400;p
650 _aLAW
_95701
942 _cJRL
999 _c7160
_d7158